[Event "?"]
[Site "ICS Rated Lightning match, 13"]
[Date "1997.??.??"]
[Round "?"]
[White "Brause"]
[Black "Wildsau"]
[Result "0-1"]
[WhiteElo "2220"]
[BlackElo "2365"]
[PlyCount "132"]

1. e4 e5 2. Nf3 Nc6 3. Nc3 Nf6 4. Nxe5 Nxe5 5. d4 Ng6 6. e5 Ng8 7. Bc4 d6 8.
Qf3 Qd7 9. O-O dxe5 10. dxe5 c6 11. Re1 Qc7 12. Bg5 Be6 13. Bxe6 fxe6 14. Rad1
Be7 15. Bxe7 N8xe7 16. Qg4 Nf5 17. Qc4 Qf7 18. Qb4 Qe7 19. Qa4 O-O 20. Re2 Rfd8
21. Rf1 Rd4 22. Qb3 Rf4 23. Re4 Rxe4 24. Nxe4 Nxe5 25. Rd1 Rb8 26. f3 Nd7 27.
Qc3 Nf6 28. Qe5 Re8 29. Rd3 Nxe4 30. fxe4 Nh4 31. Rd2 Ng6 32. Qa5 Qf6 33. Qb4
Rf8 34. h3 Ne5 35. Qd4 c5 36. Qc3 Qf1+ 37. Kh2 Nf3+ 38. gxf3 Rxf3 39. Rd8+ Kf7
40. Rd7+ Ke8 41. Qxf3 Qxf3 42. Rxb7 Qxe4 43. Rxa7 Qxc2+ 44. Kg3 Qxb2 45. Kf3
Qh2 46. Rxg7 Qxh3+ 47. Ke2 Qh5+ 48. Kf2 Qf5+ 49. Kg2 Qd5+ 50. Kh2 Qe5+ 51. Rg3
c4 52. a4 c3 53. Kh3 Qxg3+ 54. Kxg3 c2 55. a5 c1=Q 56. Kf3 Qc3+ 57. Ke4 Qxa5
58. Kf4 h5 59. Ke4 Qf5+ 60. Kd4 h4 61. Kc3 h3 62. Kb4 h2 63. Ka4 h1=Q 64. Kb4
Qhb1+ 65. Kc4 Qfb5+ 66. Kd4 Q1d3# 0-1

[Event "?"]
[Site "ICS Rated Lightning match, 16"]
[Date "1997.??.??"]
[Round "?"]
[White "Brause"]
[Black "TurboGM"]
[Result "1-0"]
[WhiteElo "2390"]
[BlackElo "2415"]
[PlyCount "79"]

1. e4 e5 2. Nf3 Nc6 3. Nc3 Nf6 4. Nxe5 Nxe5 5. d4 Nc6 6. d5 Ne5 7. f4 Ng6 8. e5
Qe7 9. Qe2 Ng8 10. d6 Qh4+ 11. g3 Qh6 12. f5 Nf4 13. Bxf4 g5 14. fxg6 Qxg6 15.
Nb5 Kd8 16. dxc7+ Ke8 17. Nd6+ Bxd6 18. exd6+ Kf8 19. O-O-O Kg7 20. Qe5+ f6 21.
Qd5 Qg4 22. Rd4 Qg6 23. Bd3 Qe8 24. Re4 Qf7 25. Qxf7+ Kxf7 26. Rhe1 h5 27. Bc4+
Kg7 28. Re8 a6 29. Bxg8 Rxg8 30. R1e7+ Kh8 31. Rd8 b5 32. Bh6 Bb7 33. Rdxd7 Be4
34. Rxe4 Rgc8 35. Ree7 Rxc7 36. Rxc7 Kg8 37. Rg7+ Kh8 38. Rh7+ Kg8 39. Rcg7+
Kf8 40. Rh8# 1-0

[Event "?"]
[Site "ICS Rated Blitz match, 131.24"]
[Date "1997.??.??"]
[Round "?"]
[White "Brause"]
[Black "Wildsau"]
[Result "1-0"]
[WhiteElo "2205"]
[BlackElo "2320"]
[PlyCount "141"]

1. e4 e5 2. Nf3 Nc6 3. Nc3 Nf6 4. Nxe5 Nxe5 5. d4 Nc6 6. d5 Ne5 7. f4 Ng6 8. e5
Ng8 9. d6 cxd6 10. exd6 Qh4+ 11. g3 Qf6 12. Nb5 Kd8 13. Be3 b6 14. Nxa7 Bxd6
15. Bxb6+ Ke7 16. Qf3 Rb8 17. Nxc8+ Rxc8 18. Qe3+ Qe6 19. O-O-O Nf6 20. Bg2
Rcg8 21. Rhe1 Ng4 22. Qb3 N4e5 23. Bd5 Qf5 24. fxe5 Nxe5 25. Bxf7 Qxf7 26.
Rxe5+ Bxe5 27. Rxd7+ Kxd7 28. Qxf7+ Kc6 29. Qe6+ Kb7 30. Qxe5 Kxb6 31. b4 Re8
32. Qxg7 Re1+ 33. Kb2 Rhe8 34. Qxh7 R1e2 35. a4 R8e4 36. Kb3 Re7 37. a5+ Kb7
38. Qh8 R7e3+ 39. c3 Kc7 40. Qd4 Re4 41. Qb6+ Kd7 42. a6 Re8 43. a7 Rxh2 44.
Qb5+ Ke7 45. Qxe8+ Kxe8 46. a8=Q+ Ke7 47. Qe4+ Kf7 48. g4 Rh6 49. Qb7+ Kf8 50.
b5 Kg8 51. Qd5+ Kh7 52. Kb4 Rf6 53. Kc5 Rf2 54. Qf5+ Rxf5+ 55. gxf5 Kg7 56. b6
Kf7 57. Kd5 Kf6 58. b7 Kxf5 59. b8=Q Kg4 60. Qg3+ Kxg3 61. c4 Kf4 62. c5 Kg4
63. c6 Kf3 64. c7 Ke3 65. c8=Q Kf3 66. Qf5+ Ke3 67. Kc4 Ke2 68. Kd4 Kd2 69.
Qf2+ Kc1 70. Kc3 Kd1 71. Qd2# 1-0

[Event "?"]
[Site "ICS Rated Blitz match, 131.24"]
[Date "1997.??.??"]
[Round "?"]
[White "Brause"]
[Black "Lichtzahn"]
[Result "0-1"]
[WhiteElo "2220"]
[BlackElo "2555"]
[PlyCount "114"]

1. e4 e5 2. Nf3 Nc6 3. Nc3 Nf6 4. Nxe5 Nxe5 5. d4 Nc6 6. d5 Na5 7. e5 Ng8 8. d6
cxd6 9. exd6 Qf6 10. Nb5 Kd8 11. Qh5 g6 12. Qc5 b6 13. Qc7+ Ke8 14. Bd3 Nb7 15.
O-O Bxd6 16. Nxd6+ Qxd6 17. Qc3 f6 18. Be3 Qc6 19. Qb4 Kf7 20. Rad1 d5 21. Rfe1
Be6 22. Bd4 Ne7 23. Rd2 Qd7 24. Bb5 Qd6 25. Qc3 Rac8 26. Qf3 Bf5 27. Ree2 Nc5
28. Be3 Be4 29. Qg4 a6 30. b4 h5 31. Qh3 axb5 32. Bxc5 bxc5 33. Rxe4 cxb4 34.
Qd3 Rc4 35. Re1 Rhc8 36. Qb3 R8c7 37. Rde2 Nf5 38. Rd2 Nd4 39. Qd3 Ra7 40. Red1
Rxa2 41. Qe3 Qe5 42. Qh6 f5 43. f4 Ne2+ 44. Kh1 Nxf4 45. Qh7+ Qg7 46. Qxg7+
Kxg7 47. g3 Ne6 48. Re1 Kf6 49. Ree2 Nd4 50. Re1 Nf3 51. Rxd5 Rcxc2 52. Rd6+
Kg5 53. h4+ Kh6 54. Rxg6+ Kxg6 55. Re6+ Kf7 56. Re7+ Kxe7 57. g4 Rh2# 0-1

[Event "?"]
[Site "ICS Rated Blitz match, 131.24"]
[Date "1997.??.??"]
[Round "?"]
[White "Brause"]
[Black "Lichtzahn"]
[Result "0-1"]
[WhiteElo "2235"]
[BlackElo "2540"]
[PlyCount "140"]

1. e4 e5 2. Nf3 Nf6 3. Nc3 Nc6 4. Nxe5 Nxe5 5. d4 Ng6 6. e5 Ng8 7. Bc4 c6 8.
Qe2 Nh4 9. O-O Nf5 10. Qh5 d5 11. exd6 Nxd6 12. Bb3 Nf6 13. Qe5+ Be7 14. Bf4
O-O 15. d5 Ng4 16. Qe2 cxd5 17. Nxd5 Bg5 18. Bxg5 Qxg5 19. Rae1 Be6 20. f4 Qd8
21. Nc3 Bf5 22. Qf3 Re8 23. Rb1 Re3 24. Qd5 Rxc3 25. bxc3 Ne3 26. Qd4 Nxf1 27.
Rxf1 Qb6 28. Rd1 Ne4 29. Qxb6 axb6 30. Rd3 Rc8 31. Rd5 Be6 32. Re5 Bxb3 33.
axb3 Nxc3 34. Re7 Rb8 35. g3 Kf8 36. Rc7 Nb5 37. Rd7 Ke8 38. Rd5 Nc3 39. Rd3
Rc8 40. Kf2 b5 41. Kf3 Nb1 42. Rd5 Na3 43. Ke4 Rxc2 44. Rh5 h6 45. Kd4 b4 46.
Re5+ Kf8 47. Ra5 Rb2 48. Ra8+ Ke7 49. Rb8 b5 50. Ke5 Rxb3 51. Rb7+ Kd8 52. Kd4
Rc3 53. Rxf7 Rc4+ 54. Ke5 b3 55. Kd6 Kc8 56. Rf8+ Kb7 57. Re8 b2 58. Re1 b1=Q
59. Rxb1 Nxb1 60. f5 b4 61. f6 Rc6+ 62. Kd5 gxf6 63. Kd4 b3 64. Ke4 Nc3+ 65.
Kf3 b2 66. Kg4 b1=Q 67. Kh3 Qf5+ 68. Kg2 Ne4 69. h4 Qf2+ 70. Kh3 Qxg3# 0-1

[Event "?"]
[Site "ICS Rated Blitz match, 131.24"]
[Date "1997.??.??"]
[Round "?"]
[White "Brause"]
[Black "Lichtzahn"]
[Result "0-1"]
[WhiteElo "2230"]
[BlackElo "2545"]
[PlyCount "67"]

1. e4 e5 2. Nf3 Nc6 3. Nc3 Nf6 4. Nxe5 Nxe5 5. d4 Ng6 6. e5 Ng8 7. Bc4 c6 8.
Qe2 Qb6 9. Qf3 f5 10. Qd3 d6 11. O-O d5 12. Na4 Qa5 13. Bb3 Be6 14. Bd2 Qa6 15.
Qf3 Be7 16. c3 b5 17. Qe2 Qb7 18. Nc5 Bxc5 19. dxc5 N8e7 20. Rae1 O-O 21. Qf3
f4 22. Bc2 Qc7 23. Bb1 a5 24. Re2 Bf5 25. Bxf5 Rxf5 26. Kh1 Rxe5 27. Bxf4 Nxf4
28. Qxf4 Ng6 29. Qg3 Qe7 30. Rxe5 Qxe5 31. Qg4 Qe7 32. b4 axb4 33. cxb4 Qe8 34.
a4 0-1

[Event "?"]
[Site "ICS Rated Blitz match, 131.24"]
[Date "1997.??.??"]
[Round "?"]
[White "Brause"]
[Black "struppi"]
[Result "0-1"]
[WhiteElo "2225"]
[BlackElo "2315"]
[PlyCount "76"]

1. e4 e5 2. Nf3 Nc6 3. Nc3 Nf6 4. Nxe5 Nxe5 5. d4 Nc6 6. d5 Ne5 7. f4 Ng6 8. e5
Ng8 9. d6 cxd6 10. exd6 Qh4+ 11. g3 Qf6 12. Qe2+ Kd8 13. Be3 Qxd6 14. Qf2 a6
15. Bd3 Qb4 16. O-O-O Ke8 17. Nd5 Qd6 18. Nb6 Rb8 19. Nxc8 Rxc8 20. Bf5 Qc6 21.
Rhe1 Be7 22. Bxd7+ Qxd7 23. Rxd7 Kxd7 24. Qf3 Rc6 25. Qd5+ Kc8 26. f5 Nf6 27.
Qxf7 Ne5 28. Qxg7 Re8 29. Kd1 Bf8 30. Qg5 Nf3 31. Qf4 Nxe1 32. Kxe1 Nd5 33. Qg4
Nxe3 34. Qh5 Re7 35. Kf2 Rxc2+ 36. Kf3 Nf1 37. f6 Nxh2+ 38. Qxh2 Rxh2 0-1

[Event "?"]
[Site "ICS Rated Blitz match, 131.24"]
[Date "1997.??.??"]
[Round "?"]
[White "Brause"]
[Black "Lichtzahn"]
[Result "1-0"]
[WhiteElo "2220"]
[BlackElo "2555"]
[PlyCount "124"]

1. e4 e5 2. Nf3 Nf6 3. Nc3 Nc6 4. Nxe5 Nxe5 5. d4 Ng6 6. e5 Ng8 7. Bc4 d6 8.
Qf3 Qd7 9. O-O dxe5 10. dxe5 Nxe5 11. Re1 Bd6 12. Bf4 f6 13. Bb5 c6 14. Rad1
Qe6 15. Qg3 Kf8 16. Bxe5 Bxe5 17. f4 cxb5 18. fxe5 Qb6+ 19. Re3 Bf5 20. Rd6 Qc5
21. Rd5 Qc7 22. Nxb5 Qxc2 23. exf6 Nxf6 24. Nd4 Qb1+ 25. Re1 Qxe1+ 26. Qxe1
Nxd5 27. Nxf5 Rd8 28. Qe6 Rg8 29. Nd6 Rxd6 30. Qxd6+ Ne7 31. Qb8+ Kf7 32. Qxa7
b5 33. Qf2+ Ke6 34. Qe2+ Kd6 35. Qxb5 Nd5 36. a4 Rc8 37. a5 Rc1+ 38. Kf2 Rc2+
39. Kf3 Rc7 40. Ke4 Re7+ 41. Kd4 Nc7 42. Qc5+ Ke6 43. Qc6+ Kf7 44. b4 Ne6+ 45.
Kd5 Nd8 46. Qc4 Rd7+ 47. Ke4+ Kf6 48. Qc3+ Kf7 49. b5 Ne6 50. b6 Re7 51. Kf3
Ng5+ 52. Kf4 Ne6+ 53. Kg3 Ng5 54. Qc4+ Kf6 55. a6 Ne4+ 56. Kg4 h5+ 57. Kxh5
Re5+ 58. Kg4 Nd6 59. Qf4+ Ke6 60. Qxe5+ Kxe5 61. b7 Nxb7 62. axb7 Kd4 1-0

[Event "?"]
[Site "ICS Rated Blitz match, 131.24"]
[Date "1997.??.??"]
[Round "?"]
[White "Brause"]
[Black "struppi"]
[Result "1-0"]
[WhiteElo "2240"]
[BlackElo "2320"]
[PlyCount "55"]

1. e4 e5 2. Nf3 Nc6 3. Nc3 Nf6 4. Nxe5 Nxe5 5. d4 Nc6 6. d5 Ne5 7. f4 Ng6 8. e5
Ng8 9. d6 cxd6 10. exd6 Qh4+ 11. g3 Qf6 12. Nb5 Rb8 13. Be3 b6 14. Bd4 Qe6+ 15.
Be2 Kd8 16. Qd3 Ba6 17. f5 Bxb5 18. Qxb5 Qxd6 19. O-O-O a6 20. Qxa6 Nf4 21.
gxf4 Qxf4+ 22. Kb1 Qc7 23. Bb5 d6 24. Rhe1 Ne7 25. f6 gxf6 26. Bxf6 Rg8 27. Qa3
Kc8 28. Rxd6 1-0

[Event "?"]
[Site "ICS Rated Blitz match, 131.24"]
[Date "1997.??.??"]
[Round "?"]
[White "Brause"]
[Black "struppi"]
[Result "1-0"]
[WhiteElo "2250"]
[BlackElo "2310"]
[PlyCount "27"]

1. e4 e5 2. Nf3 Nc6 3. Nc3 Nf6 4. Nxe5 Nxe5 5. d4 Nc6 6. d5 Nb8 7. e5 Ng8 8. d6
cxd6 9. exd6 Qf6 10. Nb5 Na6 11. Bc4 Qe5+ 12. Be3 Nf6 13. O-O Qh5 14. Re1 1-0

[Event "?"]
[Site "ICS Rated Blitz match, 131.24"]
[Date "1997.??.??"]
[Round "?"]
[White "Brause"]
[Black "struppi"]
[Result "1-0"]
[WhiteElo "2260"]
[BlackElo "2300"]
[PlyCount "39"]

1. e4 e5 2. Nf3 Nc6 3. Nc3 Nf6 4. Nxe5 Nxe5 5. d4 Ng6 6. e5 Ng8 7. Bc4 Bb4 8.
Qf3 Bxc3+ 9. bxc3 Qe7 10. O-O Rb8 11. Re1 b6 12. Qg3 Bb7 13. Bg5 Qa3 14. e6
fxe6 15. Bxe6 dxe6 16. Qxc7 Rc8 17. Qxb7 Qxc3 18. Rxe6+ Kf8 19. Rae1 Qc4 20.
Qd7 1-0

[Event "?"]
[Site "ICS Rated Blitz match, 131.24"]
[Date "1997.??.??"]
[Round "?"]
[White "Brause"]
[Black "Wildsau"]
[Result "1-0"]
[WhiteElo "2275"]
[BlackElo "2340"]
[PlyCount "177"]

1. e4 e5 2. Nf3 Nc6 3. Nc3 Nf6 4. Nxe5 Nxe5 5. d4 Nc6 6. d5 Ne5 7. f4 Ng6 8. e5
Ng8 9. d6 cxd6 10. exd6 Qh4+ 11. g3 Qf6 12. Nb5 Kd8 13. Be3 b6 14. Nxa7 Bxd6
15. Bxb6+ Ke7 16. Qf3 Rb8 17. Nxc8+ Rxc8 18. Qe3+ Qe6 19. O-O-O Nf6 20. Bg2 Bb4
21. a3 Qxe3+ 22. Bxe3 Bc5 23. Rhe1 Bxe3+ 24. Rxe3+ Kd8 25. b4 Rc4 26. Bf1 Rc7
27. a4 Ne7 28. b5 Ned5 29. Rb3 Nc3 30. b6 Rc5 31. Rd4 Re8 32. Kb2 Nfe4 33. a5
Rxa5 34. Rxc3 Nxc3 35. Kxc3 Ra8 36. Bb5 Re7 37. Rd6 Kc8 38. Kd4 Ra2 39. Bd3 g6
40. Kc5 Kb7 41. h3 h5 42. Kd4 Rb2 43. Kc5 Ra2 44. g4 hxg4 45. hxg4 Ra5+ 46. Kd4
Ra1 47. Bc4 Ra4 48. Kc5 Ra5+ 49. Kb4 Ra1 50. Kb5 Rc1 51. Bb3 Rf1 52. Bd5+ Kb8
53. Rf6 Rb1+ 54. Kc5 Re2 55. c4 Re8 56. Rxf7 Rc8+ 57. Kd6 Rxb6+ 58. Kxd7 Rc7+
59. Ke8 Rc8+ 60. Ke7 Ra6 61. g5 Rc7+ 62. Kf8 Raa7 63. Kg7 Ra6 64. Rxc7 Kxc7 65.
Be4 Ra4 66. Bd3 Ra3 67. Bxg6 Ra7 68. f5 Kd6+ 69. Kf6 Kc5 70. Bf7 Ra6+ 71. Be6
Kd4 72. g6 Ra7 73. g7 Ra8 74. g8=Q Ra1 75. Qg4+ Kc5 76. Qe2 Ra3 77. Qe5+ Kb4
78. Qb2+ Rb3 79. Qxb3+ Kxb3 80. Bd5 Ka4 81. Ke5 Ka5 82. c5 Kb5 83. c6 Ka5 84.
c7 Kb5 85. c8=Q Kb4 86. Qc4+ Ka5 87. Qc5+ Ka4 88. Qb6 Ka3 89. Qb3# 1-0

[Event "?"]
[Site "ICS Rated Blitz match, 131.24"]
[Date "1997.??.??"]
[Round "?"]
[White "Brause"]
[Black "Wildsau"]
[Result "0-1"]
[WhiteElo "2270"]
[BlackElo "2330"]
[PlyCount "85"]

1. e4 e5 2. Nf3 Nc6 3. Nc3 Nf6 4. Nxe5 Nxe5 5. d4 Nc6 6. d5 Ne5 7. f4 Ng6 8. e5
Ng8 9. d6 cxd6 10. exd6 Qh4+ 11. g3 Qf6 12. Nb5 Kd8 13. Be3 b6 14. Nxa7 Bxd6
15. Bxb6+ Ke8 16. Qf3 Rb8 17. Qe3+ Qe6 18. O-O-O Bb7 19. Rg1 Be7 20. Qxe6 fxe6
21. Bd3 Nf6 22. Bd4 Kf7 23. f5 exf5 24. Bxf5 Ra8 25. Rgf1 d6 26. g4 h6 27. Bd3
Ne5 28. Be2 Kg6 29. Rf4 Ne4 30. Kb1 Bg5 31. Rf5 h5 32. h4 hxg4 33. Rxg5+ Nxg5
34. hxg5 Rh2 35. Re1 Bf3 36. Bf1 g3 37. Nb5 Bd5 38. b3 Nf3 39. Rd1 Nxd4 40.
Nxd4 g2 41. Bd3+ Kxg5 42. Rc1 Rh1 43. Ne2 0-1

[Event "?"]
[Site "ICS Rated Blitz match, 131.24"]
[Date "1997.??.??"]
[Round "?"]
[White "Brause"]
[Black "Lichtzahn"]
[Result "1/2-1/2"]
[WhiteElo "2280"]
[BlackElo "2385"]
[PlyCount "133"]

1. e4 e5 2. Nf3 Nc6 3. Nc3 Nf6 4. Nxe5 Nxe5 5. d4 Ng6 6. e5 Ng8 7. Bc4 c6 8.
Qe2 Nh4 9. O-O Nf5 10. Qd3 d5 11. exd6 Bxd6 12. Ne4 Be6 13. Re1 Nge7 14. Bxe6
fxe6 15. Ng5 Nxd4 16. Rd1 e5 17. c3 Ndf5 18. g4 Qd7 19. gxf5 Nxf5 20. Qc4 b6
21. Be3 b5 22. Qe4 O-O 23. Bc5 Qe7 24. Bxd6 Qxg5+ 25. Qg2 Qxg2+ 26. Kxg2 Nxd6
27. Rxd6 Rac8 28. Rad1 a5 29. Rd7 Rf5 30. R1d2 Rf7 31. R2d6 Kf8 32. Rxf7+ Kxf7
33. Rd7+ Kf6 34. Kf3 Re8 35. Ke4 a4 36. b3 axb3 37. axb3 Re6 38. h4 h6 39. f3
Kg6 40. Ra7 Rd6 41. Kxe5 Rd3 42. f4 Rxc3 43. f5+ Kh5 44. Rxg7 Rxb3 45. f6 Kxh4
46. f7 Rf3 47. Ke6 Re3+ 48. Kf6 Rf3+ 49. Kg6 h5 50. Rg8 Kh3 51. f8=Q Rxf8 52.
Rxf8 Kg4 53. Rf6 h4 54. Rxc6 h3 55. Rc1 h2 56. Re1 Kg3 57. Kf5 Kg2 58. Re2+ Kg1
59. Rb2 h1=Q 60. Rb1+ Kg2 61. Rxh1 Kxh1 62. Ke5 b4 63. Ke4 Kg2 64. Kd4 Kf3 65.
Kc4 Ke3 66. Kb3 Kd3 67. Kxb4 1/2-1/2

[Event "?"]
[Site "ICS Rated Blitz match, 131.24"]
[Date "1997.??.??"]
[Round "?"]
[White "Brause"]
[Black "Lichtzahn"]
[Result "0-1"]
[WhiteElo "2275"]
[BlackElo "2385"]
[PlyCount "130"]

1. e4 e5 2. Nf3 Nc6 3. Nc3 Nf6 4. Nxe5 Nxe5 5. d4 Ng6 6. e5 Qe7 7. Qe2 Ng8 8.
f4 Qe6 9. Bd2 Nh6 10. O-O-O d5 11. Qe3 c6 12. Kb1 Bb4 13. Bd3 O-O 14. h3 Bxc3
15. Bxc3 Nf5 16. Qd2 Nh8 17. b3 Qh6 18. Rh2 Ng3 19. Qe3 Qh4 20. Bb4 Re8 21. Be1
Qh5 22. Rc1 Nf5 23. Qf2 Ne7 24. g4 Qh6 25. f5 c5 26. dxc5 Bd7 27. f6 Neg6 28.
Bd2 Qh4 29. fxg7 Kxg7 30. Qxh4 Nxh4 31. Bc3 Kg8 32. Rf2 N4g6 33. Re1 Nf8 34. b4
Ne6 35. Bf5 a5 36. a3 Bc6 37. Ref1 Ng5 38. h4 Ne4 39. Bxe4 dxe4 40. Rf6 axb4
41. axb4 Ra3 42. Bd4 Rg3 43. R6f4 Ng6 44. Rxf7 Nxh4 45. R1f6 Nf3 46. b5 Bxb5
47. Bf2 Rg2 48. Rxb7 Rxf2 49. Rxb5 e3 50. Ka2 Ra8+ 51. Kb2 e2 52. Rfb6 e1=Q 53.
Rb8+ Rxb8 54. Rxb8+ Kf7 55. e6+ Kf6 56. Rb3 Rf1 57. Ra3 Qc1+ 58. Kb3 Nd2+ 59.
Kb4 Rf4+ 60. Kb5 Qxa3 61. c4 Rxc4 62. g5+ Kxe6 63. Kb6 Rb4+ 64. Kc7 Qa7+ 65.
Kd8 Rb8# 0-1

[Event "?"]
[Site "ICS Rated Blitz match, 131.24"]
[Date "1997.??.??"]
[Round "?"]
[White "Brause"]
[Black "Lichtzahn"]
[Result "0-1"]
[WhiteElo "2270"]
[BlackElo "2395"]
[PlyCount "82"]

1. e4 e5 2. Nf3 Nc6 3. Nc3 Nf6 4. Nxe5 Nxe5 5. d4 Ng6 6. e5 Qe7 7. f4 d6 8. Be2
dxe5 9. fxe5 Ng8 10. O-O Be6 11. Ne4 Qd7 12. Ng5 N8e7 13. Nxe6 fxe6 14. c3 c5
15. Bg4 O-O-O 16. Qb3 Nd5 17. Bg5 Re8 18. Rad1 Kb8 19. Bh5 Rc8 20. Bxg6 hxg6
21. c4 Ne7 22. dxc5 Qe8 23. Qc3 Rxc5 24. b4 Rc7 25. Rf3 Qc8 26. Bxe7 Bxe7 27.
c5 Rd7 28. Rdf1 Rh5 29. g4 Rg5 30. Rf4 Rd5 31. Re4 Qc7 32. Rfe1 a5 33. Qg3 axb4
34. Kg2 Rd2+ 35. Kh1 Qd8 36. h4 Bxc5 37. Qh3 Qh8 38. R1e2 Rxe2 39. Rxe2 Qd8 40.
Qf3 Qd4 41. Rg2 Rxe5 0-1

[Event "?"]
[Site "ICS Rated Blitz match, 131.24"]
[Date "1997.??.??"]
[Round "?"]
[White "Brause"]
[Black "struppi"]
[Result "0-1"]
[WhiteElo "2265"]
[BlackElo "2260"]
[PlyCount "78"]

1. e4 e5 2. Nf3 Nc6 3. Nc3 Nf6 4. Nxe5 Nxe5 5. d4 Ng6 6. e5 Ng8 7. Bc4 d6 8.
Qf3 f6 9. e6 c6 10. Qh3 N8e7 11. O-O d5 12. Bd3 Qd6 13. Re1 Qb4 14. Qe3 f5 15.
a3 Qd6 16. Bd2 b6 17. Na4 Rb8 18. b3 Rb7 19. Bb4 Qc7 20. Qg5 Nf4 21. Bxe7 Nxd3
22. cxd3 Qxe7 23. Qxf5 Qd6 24. Re5 Re7 25. Qg5 g6 26. Ree1 Bg7 27. Rec1 Bxd4
28. Ra2 O-O 29. g3 Qxe6 30. Qh6 Qf6 31. Qd2 Qf3 32. g4 Bxg4 33. Nc3 Bh3 34. Qg5
Bxf2+ 35. Rxf2 Qxf2+ 36. Kh1 Re1+ 37. Rxe1 Qxe1+ 38. Qg1 Qxg1+ 39. Kxg1 Rf1#
0-1

[Event "?"]
[Site "ICS Rated Blitz match, 131.24"]
[Date "1997.??.??"]
[Round "?"]
[White "Brause"]
[Black "Wildsau"]
[Result "1-0"]
[WhiteElo "2250"]
[BlackElo "2400"]
[PlyCount "129"]

1. e4 e5 2. Nf3 Nc6 3. Nc3 Nf6 4. Nxe5 Nxe5 5. d4 Nc6 6. d5 Ne5 7. f4 Ng6 8. e5
Ng8 9. d6 cxd6 10. exd6 Qh4+ 11. g3 Qf6 12. Nb5 Kd8 13. Be3 b6 14. Nxa7 Bxd6
15. Bxb6+ Ke8 16. Qf3 Rb8 17. Qe3+ Qe6 18. O-O-O Bb7 19. Rg1 Be7 20. Qxe6 dxe6
21. Bd4 Kf8 22. Bg2 Bxg2 23. Rxg2 Nf6 24. Rgd2 Ra8 25. a3 Ne4 26. Re2 Nd6 27.
Nc6 Nf5 28. Red2 Ke8 29. Bb6 e5 30. Rd5 f6 31. fxe5 fxe5 32. Nxe5 Bf6 33. Nd7
Bg5+ 34. Kb1 Nge7 35. R5d3 Kf7 36. g4 Nh6 37. Ne5+ Ke6 38. Re1 Bf6 39. Nf3+ Kf7
40. g5 Bxb2 41. Kxb2 Nhf5 42. Ne5+ Kf8 43. Rd8+ Rxd8 44. Bxd8 g6 45. Bxe7+ Nxe7
46. Rd1 Kg7 47. Rd7 Re8 48. Nc6 Kf8 49. Nxe7 Rxe7 50. Rxe7 Kxe7 51. Kc3 Kd6 52.
Kd4 Kc6 53. c4 Kd6 54. c5+ Kc6 55. a4 Kb7 56. Kd5 Kc7 57. c6 Kb8 58. Kd6 Ka7
59. c7 Kb7 60. h4 Kb6 61. c8=Q Ka5 62. Qc3+ Ka6 63. Qc6+ Ka7 64. Kc7 h6 65.
Qb7# 1-0

[Event "?"]
[Site "ICS Rated Blitz match, 131.24"]
[Date "1997.??.??"]
[Round "?"]
[White "Brause"]
[Black "Wildsau"]
[Result "1-0"]
[WhiteElo "2265"]
[BlackElo "2390"]
[PlyCount "127"]

1. e4 e5 2. Nf3 Nc6 3. Nc3 Nf6 4. Nxe5 Nxe5 5. d4 Nc6 6. d5 Ne5 7. f4 Ng6 8. e5
Ng8 9. d6 cxd6 10. exd6 Qh4+ 11. g3 Qf6 12. Nb5 Kd8 13. Be3 b6 14. Nxa7 Bxd6
15. Bxb6+ Ke7 16. Qf3 Rb8 17. Nxc8+ Rxc8 18. Qe3+ Qe6 19. O-O-O Nf6 20. Bg2 Rc4
21. Rhe1 Nxf4 22. Qf3 Re4 23. Rxe4 Nxe4 24. gxf4 f5 25. Qe3 Kf7 26. Bxe4 fxe4
27. f5 Qe5 28. Qd2 Ke7 29. Bf2 Qxh2 30. Qd4 Qh6+ 31. Be3 Qf6 32. Qxe4+ Qe5 33.
Bg5+ Kf8 34. Qa8+ Qe8 35. Qxe8+ Kxe8 36. Rxd6 h6 37. Be3 Rf8 38. Rd5 h5 39. Bd4
Rf7 40. a4 h4 41. Re5+ Kd8 42. a5 d6 43. Re4 h3 44. Rh4 Rxf5 45. a6 Kc7 46.
Rxh3 Rf8 47. a7 Kb7 48. Rh7 Rg8 49. b4 d5 50. b5 Ka8 51. b6 Kb7 52. Rxg7+ Rxg7
53. Bxg7 Ka8 54. Kd2 Kb7 55. Bb2 Ka8 56. Kc3 d4+ 57. Kxd4 Kb7 58. c4 Ka8 59. c5
Kb7 60. Kd5 Ka8 61. Bd4 Kb7 62. c6+ Ka6 63. Kc5 Ka5 64. a8=Q# 1-0

[Event "?"]
[Site "ICS Rated Blitz match, 131.24"]
[Date "1997.??.??"]
[Round "?"]
[White "Brause"]
[Black "BetterThanYou"]
[Result "1-0"]
[WhiteElo "2275"]
[BlackElo "2695"]
[PlyCount "31"]

1. e4 Nc6 2. Nf3 e5 3. Nc3 Nf6 4. Nxe5 Nxe5 5. d4 Nc6 6. d5 Ne5 7. f4 Ng6 8. e5
Ng8 9. d6 cxd6 10. exd6 Qf6 11. Nb5 Rb8 12. Be3 Nxf4 13. Bxa7 Nxg2+ 14. Bxg2
Qh4+ 15. Kf1 Qc4+ 16. Qd3 1-0

[Event "?"]
[Site "ICS Rated Blitz match, 131.24"]
[Date "1997.??.??"]
[Round "?"]
[White "Brause"]
[Black "DreamTeamer"]
[Result "0-1"]
[WhiteElo "2285"]
[BlackElo "2415"]
[PlyCount "100"]

1. e4 e5 2. Nf3 Nc6 3. Nc3 Nf6 4. Nxe5 Nxe5 5. d4 Ng6 6. e5 Ng8 7. Bc4 Bb4 8.
Qf3 d5 9. Bxd5 Be6 10. Bxe6 fxe6 11. Qxb7 Bxc3+ 12. bxc3 N8e7 13. O-O O-O 14.
Bg5 h6 15. Bxe7 Qxe7 16. g3 h5 17. Rab1 h4 18. Qe4 Kh7 19. Rb7 Rf5 20. Kh1 Raf8
21. Kg2 Qg5 22. Kg1 Nf4 23. Rxc7 Kg8 24. Kh1 Nh3 25. f4 Qh6 26. Kg2 hxg3 27.
hxg3 g5 28. Rh1 gxf4 29. Qf3 fxg3 30. Qxg3+ Rg5 31. Rxh3 Rxg3+ 32. Rxg3+ Kh8
33. Rh3 Rf2+ 34. Kxf2 Qxh3 35. Ke1 a5 36. a3 a4 37. Kd2 Qh6+ 38. Kd1 Qh1+ 39.
Kd2 Qa1 40. Rc6 Qxa3 41. Rxe6 Qb2 42. Rh6+ Kg7 43. Ra6 a3 44. Ra7+ Kf8 45. Ra8+
Kf7 46. d5 a2 47. e6+ Kf6 48. Rf8+ Ke7 49. Rf7+ Kd6 50. Rd7+ Kc5 0-1

[Event "?"]
[Site "ICS Rated Blitz match, 131.24"]
[Date "1997.??.??"]
[Round "?"]
[White "Brause"]
[Black "DreamTeamer"]
[Result "1-0"]
[WhiteElo "2285"]
[BlackElo "2420"]
[PlyCount "51"]

1. e4 e5 2. Nf3 Nc6 3. Nc3 Nf6 4. Nxe5 Nxe5 5. d4 Nc6 6. d5 Ne5 7. f4 Bb4 8.
fxe5 Nxe4 9. Qd4 Nxc3 10. bxc3 Be7 11. Bd3 d6 12. exd6 Bf6 13. Qe4+ Kf8 14.
dxc7 Bxc3+ 15. Ke2 Qe7 16. Qxe7+ Kxe7 17. Ba3+ Kd7 18. d6 Bxa1 19. Bb5+ Ke6 20.
Rxa1 Bd7 21. Bc4+ Kf6 22. Rf1+ Kg6 23. Bxf7+ Kg5 24. Bc1+ Kh4 25. Rf4+ Kg5 26.
h4+ 1-0

[Event "?"]
[Site "ICS Rated Blitz match, 131.24"]
[Date "1997.??.??"]
[Round "?"]
[White "Brause"]
[Black "DreamTeamer"]
[Result "1-0"]
[WhiteElo "2290"]
[BlackElo "2410"]
[PlyCount "63"]

1. e4 e5 2. Nf3 Nc6 3. Nc3 Nf6 4. Nxe5 Nxe5 5. d4 Ng6 6. e5 Ng8 7. Bc4 d5 8.
Nxd5 Be6 9. Ne3 N8e7 10. O-O c6 11. Bxe6 fxe6 12. c3 Qd7 13. Nc4 Nd5 14. Bg5 h6
15. Qh5 Qf7 16. Be3 Be7 17. Rae1 O-O 18. Qd1 Nh4 19. Qg4 Ng6 20. Qe4 Qf5 21.
Bd2 Qh5 22. g4 Qh3 23. Qxg6 Bg5 24. Qxe6+ Kh8 25. Bxg5 hxg5 26. Re3 Nxe3 27.
Nxe3 Rf3 28. Qd7 Raf8 29. Ng2 Qh7 30. Qe7 Qc2 31. Ne1 Rxf2 32. Qxf8+ 1-0

[Event "?"]
[Site "ICS Rated Blitz match, 131.24"]
[Date "1997.??.??"]
[Round "?"]
[White "Brause"]
[Black "Wildsau"]
[Result "1-0"]
[WhiteElo "2300"]
[BlackElo "2385"]
[PlyCount "143"]

1. e4 e5 2. Nf3 Nc6 3. Nc3 Nf6 4. Nxe5 Nxe5 5. d4 Nc6 6. d5 Ne5 7. f4 Ng6 8. e5
Ng8 9. d6 cxd6 10. exd6 Qh4+ 11. g3 Qf6 12. Nb5 Kd8 13. Be3 b6 14. Nxa7 Bxd6
15. Bxb6+ Ke8 16. Qf3 Rb8 17. Qe3+ Qe6 18. O-O-O Bb7 19. Rg1 Be7 20. Qxe6 dxe6
21. Bd4 Kf8 22. Bg2 Bxg2 23. Rxg2 Nf6 24. c3 Ra8 25. a3 Ne8 26. Nc6 Bd6 27.
Rgd2 Ra6 28. Nb4 Ra4 29. Be3 Be7 30. Nc6 Re4 31. Bb6 Rc4 32. Nxe7 Nxe7 33. Rd7
Nd5 34. Bd4 Rc8 35. Ra7 Nd6 36. Rd3 Rg8 37. a4 g5 38. fxg5 Rxg5 39. Kb1 Ne4 40.
a5 Rh5 41. h4 Kg8 42. Rd7 Rf5 43. a6 Rf1+ 44. Ka2 Ra8 45. a7 Rf5 46. Rb7 Ndxc3+
47. Bxc3 Nxc3+ 48. Rxc3 Ra5+ 49. Ra3 R8xa7 50. Rxa7 Rf5 51. b4 Kg7 52. Kb3 Rd5
53. Kc4 Kg6 54. b5 Rd8 55. b6 h6 56. Ra8 Rd6 57. b7 Rb6 58. Rb3 Rxb7 59. Rxb7
Kg7 60. g4 Kf6 61. Rf8 Ke5 62. Rbxf7 Ke4 63. Rf4+ Ke3 64. h5 e5 65. Rf3+ Ke2
66. Rf2+ Ke3 67. R2f6 Kd2 68. Re8 Kc2 69. Rf2+ Kc1 70. Rxe5 Kd1 71. Kb3 Kc1 72.
Re1# 1-0